00558nam a2200157 a 450000100100000000500170001000800410002704000250006808200140009324500990010725000130020626000470021930000210026650500760028750000370036300000429720200929151425.0090721s1852 sp 000 0 spa d aDO-SdBNPbspacBNPHU axxxxbxxx00aBiblioteca de autores españoles. :bdesde la formación del lenguaje hasta nuestros días. a2da. ed. aMadrid, España :bM. rivadeneyra,c1852. a567 p. ;c25 cm.2 tElegías de varones ilustres de indias, por Juan de Castellanos.gv. 4 aLa biblioteca posee el volumen 4